| 000 | 00723nam a2200181 a 4500 | ||
|---|---|---|---|
| 005 | 20210219160357.0 | ||
| 008 | 081027s2000 mx r 000 0 spa d | ||
| 035 | _aUPN01000164311 | ||
| 049 | _aUNE | ||
| 080 | _aOC 371.66 (7/8) COM. | ||
| 245 | 0 | 0 | _aComponentes de " modulos " de laboratorios y talleres. |
| 260 | _aSantiago de Chile : Oficina Regional de Educación de la UNESCO para América Latina y el Caribe, 1985. | ||
| 300 | _aIV, 172 p.; 26 cm. fot. | ||
| 690 | _aEnseñanza cientifica- Equipo de laboratorio | ||
| 690 | _aEnseñanza profesional- Material didactico | ||
| 710 | 2 | _aOREALC. Oficina Regional de Educación de la UNESCO para América Latina y el Caribe. (Santiago de Chile) | |
| 905 | _aUNESCO | ||
| 999 |
_c136423 _d136423 |
||